Kluby rumuńskiej Superligi 25/26 - nagła śmierć - Statystyki

Ogólne statystyki
  • Ten quiz został rozwiązany 26 razy
  • Średni wynik to 4 z 16
Answers on the Grid
Answers color-coded by a green-red scale on the quiz's grid according to % correct below.
FCSB
FC U Craiova 1948
CS Universitatea Craiova
CSA Steaua Bukareszt
FK Csíkszereda Miercurea Ciuc
CSM Politehnica Jassy
Unirea Slobozia
FC Universitatea Cluj
AFC Chindia Targoviste
FC Argeș Pitești
FC Voluntari
Sepsi Sfântu Gheorghe
FC Metaloglobus Bucharest
FC Botoșani
Viitorul Konstanca
UTA Arad
Petrolul Ploeszti
CS Unirea Ungheni
Oțelul Gałacz
Rapid Bukareszt
FC Vaslui
CFR 1907 Cluj
Farul Konstanca
FC Dinamo Bukareszt
Gloria Buzău
FC Hermannstadt
 
Statystyki odpowiedzi
Odpowiedź % Poprawnych
CFR 1907 Cluj
65%
FCSB
53%
Farul Konstanca
35%
FC Botoșani
35%
Rapid Bukareszt
35%
CS Universitatea Craiova
29%
FC Dinamo Bukareszt
24%
FC Hermannstadt
24%
FC Universitatea Cluj
24%
FK Csíkszereda Miercurea Ciuc
18%
Oțelul Gałacz
18%
UTA Arad
18%
FC Metaloglobus Bucharest
12%
FC Argeș Pitești
6%
Petrolul Ploeszti
6%
Unirea Slobozia
6%
Nie znaleziono quizów pasujących do podanych kryteriów
Rozkład punktacji
Procent ludzi z każdym wynikiem
Percentyl według liczby udzielonych odpowiedzi
Twoja historia wyników
Nie rozwiązałeś tego quizu